000 00407nam a2200121Ia 4500
008 170224s9999 xx 000 0 und d
245 _aJustifying one’s transgressions: How rationalizations based on equity, equality, and need affect trust after its violation.
260 _bJournal of Experimental Psychology: Applied
260 _c2014
300 _a20:4
500 _aDecember
650 _xPsychology.
999 _c316548
_d316548